00846cam a2200229 a 450000100100000000500170001000800410002704000250006808200170009310000330011024500540014326000370019730000210023450400560025565000430031165000270035465000510038191000370043204900090046995201210047899900170059900001891520200929165900.0100520s1979 ve r 001 0 spa d aDO-SdBNPbspacBNPHU a100.4bG827s1 aGrenier, Jean,d1898-94071410aSobre el espíritu de ortodoxia /cJean Grenier. aCaracas :bMonte Ávila,c1979. a126 p. ;c20 cm. aIncluye bibliografía y notas al pie de páginas. 4aEscuela clásica de economía940715 4aÉtica cristiana9389 4aAnarquíaxEnsayos, conferencias, etc.940716 aValidado. Control de calidad EMS aBNGR 001054708MOaGRbGRcHDd2010-05-20iLF1l0o100.4 G827sp18915-10r2020-06-25w2020-06-25y4ZPréstamo en sala c18433d18433